书目信息 |
| 题名: |
图案编织大全1880
|
|
| 作者: | 天绘 编 | |
| 分册: | ||
| 出版信息: | 北京 中国轻工业出版社 2004.01 |
|
| 页数: | 302页 | |
| 开本: | 29cm | |
| 丛书名: | ||
| 单 册: | ||
| 中图分类: | TS935.52-64 | |
| 科图分类: | ||
| 主题词: | 绒线--编织--图集 , 绒线 , 编织 | |
| 电子资源: | ||
| ISBN: | 7-5019-4103-3 | |
| 000 | 00681nam0 2200241 45 | |
| 001 | 012004000000 | |
| 005 | 20041104152139.04 | |
| 010 | @a7-5019-4103-3@dCNY 35.80 | |
| 100 | @a20040223d2004 ekmy0chiy0121 ea | |
| 101 | 0 | @achi |
| 102 | @aCN@b110000 | |
| 105 | @aaf z 000yy | |
| 200 | 1 | @a图案编织大全1880@Atu an bian zhi da quan 1880@e最新版@f天绘编 |
| 210 | @a北京@c中国轻工业出版社@d2004.01 | |
| 215 | @a302页@c图@d29cm | |
| 510 | 1 | @aKnitting crochet cross patterns@zeng |
| 606 | 0 | @a绒线@x编织@j图集 |
| 606 | 0 | @a绒线 |
| 606 | 0 | @a编织 |
| 690 | @aTS935.52-64@v4 | |
| 701 | 0 | @a天绘@Atian hui@4编 |
| 801 | 0 | @aCN@bQSSKb@c20041104 |
| 905 | @a10447@dTS935.52-64@eT477 | |
| 图案编织大全1880:最新版/天绘编.-北京:中国轻工业出版社,2004.01 |
| 302页:图;29cm |
| ISBN 7-5019-4103-3:CNY 35.80 |
| ● |
| 相关链接 |
|
|
|
正题名:图案编织大全1880
索取号:TS935.52-64/T477
 
预约/预借
| 序号 | 登录号 | 条形码 | 馆藏地/架位号 | 状态 | 备注 |
| 1 | 425139 | 204251399 | 自科库501/ [索取号:TS935.52-64/T477] | 在馆 | |
| 2 | 425140 | 204251406 | 自科库501/ [索取号:TS935.52-64/T477] | 在馆 | |
| 3 | 425141 | 204251415 | 自科库501/ [索取号:TS935.52-64/T477] | 在馆 |